Chemical reaction engineering (Record no. 18666)

000 -LEADER
fixed length control field 00567nam a22001931 4500
001 - CONTROL NUMBER
control field 18666
003 - CONTROL NUMBER IDENTIFIER
control field BD-DhUET
008 - FIXED-LENGTH DATA ELEMENTS--GENERAL INFORMATION
fixed length control field 840403s1962 nyua b 000 0 eng c
040 ## - CATALOGING SOURCE
Original cataloging agency DLC/ICU
Transcribing agency DLC
Modifying agency BD-DhUET
082 0# - DEWEY DECIMAL CLASSIFICATION NUMBER
Classification number 660.299
Item number LEV/1964
100 ## - MAIN ENTRY--PERSONAL NAME
Personal name Levenspiel, Octave
245 10 - TITLE STATEMENT
Title Chemical reaction engineering
Remainder of title an introduction to the design of chemical reactors
250 ## - EDITION STATEMENT
Edition statement 1st ed.
260 ## - PUBLICATION, DISTRIBUTION, ETC. (IMPRINT)
Place of publication, distribution, etc. New York
Name of publisher, distributor, etc. John Wiley & Sons
Date of publication, distribution, etc. 1962
300 ## - PHYSICAL DESCRIPTION
Extent xv, 501 p.
Other physical details illus.
Dimensions 24 cm.
504 ## - BIBLIOGRAPHY, ETC. NOTE
Bibliography, etc Includes bibliographies
650 #0 - SUBJECT ADDED ENTRY--TOPICAL TERM
Topical term or geographic name as entry element Chemical engineering
942 ## - ADDED ENTRY ELEMENTS (KOHA)
Koha item type General Book
Holdings
Koha normalized classification for sorting Koha date last seen Date acquired Price effective from Koha item type Location (home branch) Sublocation or collection (holding branch) Copy number Koha issues (times borrowed) Piece designation (barcode) Shelving location Lost status Source of classification or shelving scheme Damaged status Koha date last borrowed Not for loan Koha full call number Withdrawn status
660_299000000000000_LEV_19672015-03-312015-03-312015-03-31General BookCentral Library, BUETCentral Library, BUET1 17501Circulation section     660.299/LEV/1967 
660_299000000000000_LEV_19672015-03-312015-03-312015-03-31General BookCentral Library, BUETCentral Library, BUET2 17821Circulation section     660.299/LEV/1967 
660_299000000000000_LEV_19672015-03-312015-03-312015-03-31General BookCentral Library, BUETCentral Library, BUET3 17822Circulation section     660.299/LEV/1967 
660_299000000000000_LEV_19672015-03-312015-03-312015-03-31General BookCentral Library, BUETCentral Library, BUET4 4402Circulation section     660.299/LEV/1967 
660_299000000000000_LEV_19672015-03-312015-03-312015-03-31General BookCentral Library, BUETCentral Library, BUET5 20932Circulation section     660.299/LEV/1967 
660_299000000000000_LEV_19642023-12-182015-04-012015-04-01General BookCentral Library, BUETCentral Library, BUET6117502Circulation section   2023-12-05 660.299/LEV/1964 
660_299000000000000_LEV_19642020-01-252015-04-012015-04-01General BookCentral Library, BUETCentral Library, BUET7112542Circulation section   2019-05-05 660.299/LEV/1964 
660_299000000000000_LEV_19642015-06-182015-06-182015-06-18Reading ItemCentral Library, BUETCentral Library, BUET8 36300Reading section     660.299/LEV/1964